000 00633nam a22002057a 4500
999 _c14548
_d14548
003 AR-CdUCM
008 190423b ||||| |||| 00| 0 spa d
020 _a978-9972-51-514-9
040 _aMUNICIPALIDAD PROVINCIAL DEL CUSCO
_cBIBLIOTECA MUNICIPAL DEL CUSCO
082 _aPI / 803 /
_bR84
100 _aRostworowski, María.
_9377
245 _aCuentos de los andes /
260 _aPerú :
_bIEP (instituto de estudios peruanos),
_c2015.
300 _c20 cm.
_a46 páginas ;
505 _aContenido :Cuentos ...
650 _aCuentos
_9217
650 _aHistorietas
_910786
942 _2ddc
_cLIBROS
945 _apjha
_d201-04-25